| 000 -LEADER |
| fixed length control field |
00783pam a2200205 a 4500 |
| 020 ## - INTERNATIONAL STANDARD BOOK NUMBER |
| ISBN |
0080292437 : |
| 020 ## - INTERNATIONAL STANDARD BOOK NUMBER |
| ISBN |
0080292429 (soft) : |
| 040 ## - CATALOGING SOURCE |
| Transcribing agency |
DLC |
| 082 00 - DEWEY DECIMAL CLASSIFICATION NUMBER |
| Classification number |
630 PER 1983 A052 Or. |
| 245 10 - TITLE STATEMENT |
| Title |
Chemistry and world food supplies : |
| Remainder of title |
the new frontiers, Chemrawn II : invited papers presented at the International Conference on Chemistry and World Food Supplies, Manila, Philippines, 6-10 December 1982 / |
| 250 ## - EDITION STATEMENT |
| Edition statement |
1st ed. |
| 260 ## - PUBLICATION, DISTRIBUTION, ETC. (IMPRINT) |
| Place of publication |
Oxford ; |
| -- |
New York : |
| Name of publisher |
Pergamon Press, |
| Year of publication |
1983. |
| 300 ## - PHYSICAL DESCRIPTION |
| Number of Pages |
xvi, 664 p. : |
| Other physical details |
ill. ; |
| Dimensions |
26 cm. |
| 650 #0 - SUBJECT ADDED ENTRY--TOPICAL TERM |
| Topical Term |
Agricultural chemistry |
| 650 #0 - SUBJECT ADDED ENTRY--TOPICAL TERM |
| Topical Term |
Food industry and trade |
| 700 1# - ADDED ENTRY--PERSONAL NAME |
| Personal name |
Shemilt, L. W. |
| 710 2# - ADDED ENTRY--CORPORATE NAME |
| Corporate name or jurisdiction name as entry element |
International Union of Pure and Applied Chemistry. |
| 710 2# - ADDED ENTRY--CORPORATE NAME |
| Corporate name or jurisdiction name as entry element |
International Rice Research Institute. |
| 942 ## - ADDED ENTRY ELEMENTS (KOHA) |
| Koha item type |
សៀវភៅភាសាអង់គ្លេស |
| 952 ## - LOCATION AND ITEM INFORMATION (KOHA) |
| Withdrawn status [LOCAL, KOHA] |
0 |